[Event "DSOL 2022"]
[Site "Germany"]
[Date "2022.02.03"]
[Round "1.4"]
[White "De Albuquerque Mello Pereira, Felipe"]
[Black "Matthaei, Jakob"]
[Result "1/2-1/2"]
[WhiteElo "1945"]
[BlackElo "1997"]
[Annotator "TA"]
[PlyCount "153"]
[EventDate "2022.01.31"]
[EventType "team-tourn"]
[EventCountry "GER"]
[SourceTitle "playchess.com"]
[Source "ChessBase"]
[SourceQuality "1"]
[WhiteTeam "MSA Zugzwang"]
[BlackTeam "USG Chemnitz I"]

{[%evp 15,153,5,5,0,5,2,112,122,99,97,165,45,245,238,205,213,400,43,19,24,33,18,116,122,122,113,254,244,248,249,277,262,290,285,264,186,185,179,178,175,178,176,188,191,220,206,249,254,255,252,256,256,252,247,243,243,250,245,281,270,319,316,312,288,266,260,344,304,467,467,700,712,744,701,751,732,1298,1663,1453,870,29963,29964,29965,29967,29958,12784,6720,6720,6720,5829,5057,254,2541,89,89,8,8,8,8,8,8,8,8,8,8,8,8,8,8,8,89,89,89,89,89,89,89,89,89,89,89,89,89,89,89,89,89,8,8,0,89,89,89,8,8,8,8,8,8,8]} 1. d4 Nf6 2. c4 e6 3. Nf3 d5 4. Nc3 dxc4 5. e3 a6 6. Bxc4 b5 7. Bb3 Bb7 8. O-O c5 9. e4 {is the new trend. D27: Queen's Gambit Accepted: Classical main line: 7 e4!? and 7 a4.} cxd4 10. Nxd4 {next e5 is good for White.} b4 {[#]} (10... Nc6 $11 11. Nxc6 Bxc6) 11. e5 $1 $16 {White is better.} Nfd7 {[#]} 12. Na4 $146 {[%cal Ob3e6] Black must now prevent Bxe6! White is more active.} ({Predecessor:} 12. Bxe6 Nc5 13. Bc4 bxc3 14. e6 Nxe6 15. Re1 Be7 16. Bxe6 fxe6 17. Qh5+ g6 18. Qe5 {0-1 (24) Barkhagen,J (2405)-Maksimenko,A (2550) Aalborg 1995}) 12... Nxe5 (12... Be7 $16) 13. Bxe6 fxe6 $2 (13... Nbc6 $1 $14 14. Nxc6 Bxc6) 14. Qh5+ $1 $18 Ng6 15. Nxe6 Qd7 {[#]} (15... Qd6 16. Nac5 (16. Re1 Kf7 $11) 16... Nd7) 16. Nac5 $2 (16. Re1 $1 $18 Kf7 17. Nb6) 16... Bxc5 $14 17. Nxc5 Qd5 {[%csl Gb7][%cal Rd5g2]} 18. Qe2+ $1 Kf8 (18... Ne7 $1 $11 19. Nxb7 Ra7) 19. Nxb7 $16 Qxb7 20. Rd1 {White wants to mate with Rd8+.} (20. Re1 Nd7 21. Be3 (21. Qe6 Nf6 $15) 21... Nf6 $17) 20... Nd7 {[#]} (20... Nc6 $16 {might work better.}) 21. Rxd7 $1 $18 {[%mdl 576] Deflection} Qxd7 22. Qf3+ Kg8 (22... Ke7 $2 23. Bg5+ Kd6 24. Rd1+ Kc7 25. Rxd7+ Kxd7 26. Qb7+ Kd6 27. Qxb4+ Ke6 28. Qc4+ Kd7 29. Qd4+ Kc6 30. Qxg7 $18) 23. Qxa8+ Kf7 {[%cal Rd7d1]} 24. Qf3+ (24. Qxa6 $6 Qd1+ 25. Qf1 Rd8 $18) 24... Kg8 25. Bg5 h6 {[#]} 26. Rd1 $1 {[%cal Ba1d1,Bd1d5,Bd5a5][%mdl 32]} Qe6 27. Be3 Kh7 28. Qd5 Qxd5 29. Rxd5 {[%mdl 4096] Endgame KRB-KRN} Rc8 30. Ra5 Rc2 31. b3 (31. Rxa6 $6 Rxb2 32. h3 Rc2 $16) 31... Ne7 32. g3 (32. Rxa6 $6 Nf5 33. h3 Nxe3 $18) 32... Kg6 33. Kg2 (33. Rxa6+ Nc6 34. Rb6 Kf7 $18) 33... Rc6 34. Bc5 Nd5 35. Kf3 Kf7 36. Ke4 Nc3+ 37. Kd4 Nd1 38. f4 (38. Bxb4 $6 Nxf2 39. Rf5+ Rf6 40. Rxf6+ gxf6 $18) 38... Re6 39. Kd3 {Inhibits Ne3.} (39. Bxb4 g6 40. Rc5 Kf6 $18) 39... g5 40. Bxb4 {Strongly threatening Bc5.} gxf4 41. Rf5+ (41. gxf4 Nf2+ 42. Kd2 Ng4 $18) 41... Kg6 (41... Rf6 {is a better defense.} 42. Rxf4 Rxf4 43. gxf4 Nf2+ 44. Kc4 Ng4) 42. Rxf4 Ne3 (42... Re5 $142 43. Rf1 Ne3) 43. Re4 Rxe4 44. Kxe4 {KB-KN} Nf1 45. Bd6 Nxh2 46. b4 Kf7 47. Kd5 Nf3 48. a4 Ke8 49. b5 axb5 50. axb5 {Threatening mate with b6.} Kd7 51. b6 {b7 would kill now.} Kc8 52. Kc6 {White threatens b7+ and mate.} Nd4+ {[#]} 53. Kc5 $1 Nb3+ 54. Kd5 $2 (54. Kb5 $18 {Intending Ka6 and mate.} Kb7 55. g4) 54... h5 $16 55. Ke4 (55. Bc5 $16) 55... Kb7 $11 56. Bc7 Nd2+ 57. Ke3 Nf1+ 58. Kf2 Nd2 59. Kg2 Ne4 60. Kh3 Kc6 61. Kh4 Kb7 62. Bd8 Kc8 (62... Ka6 $11 {remains equal.}) 63. Bg5 $16 Kb7 {[%cal Oe4g3]} 64. Be3 ({Much worse is} 64. Kxh5 $6 Nxg3+ 65. Kh6 Ne4 $11) 64... Kc6 65. Kh3 ({Don't play} 65. Kxh5 $6 Nxg3+ 66. Kg5 (66. Kg4 Nf1 $11) 66... Kb7 $11) 65... Kb7 {[#]} 66. Kg2 $1 Kc6 67. Kf3 Nd6 68. Kf4 Nc4 69. Bf2 Nd6 70. Ke5 Nf7+ 71. Ke6 (71. Kf5 $16) 71... Nd6 72. Ke5 (72. b7 $11 Nxb7 73. Bg1) 72... Nf7+ $1 73. Kf5 Nd6+ 74. Kg6 (74. Kf4 $16) 74... Ne4 $11 {The position is equal.} 75. Be1 Nxg3 76. Bxg3 Kxb6 77. Kxh5 {White really could win this.  Weighted Error Value: White=0.34/Black=0.54} 1/2-1/2

[Event "DSOL 2022"]
[Site "Germany"]
[Date "2022.02.03"]
[Round "1.4"]
[White "Fischer, Arthur"]
[Black "Wilhelm, Rostislav-Paul"]
[Result "1-0"]
[WhiteElo "1918"]
[BlackElo "1881"]
[Annotator "TA"]
[PlyCount "51"]
[EventDate "2022.01.31"]
[EventType "team-tourn"]
[EventCountry "GER"]
[SourceTitle "playchess.com"]
[Source "ChessBase"]
[SourceQuality "1"]
[WhiteTeam "ESV Rot-Weiß Göttingen I"]
[BlackTeam "Aachener SV"]

{[%evp 9,50,12,8,7,25,8,47,39,51,54,81,81,109,105,136,101,337,329,366,366,378,383,379,385,700,692,673,679,1226,949,29993,29994,29994,999,29995,29996,29996,29997,29997,29998,29998,29999,29999]} 1. d4 e6 2. Bf4 f5 3. e3 Nf6 4. Nf3 b6 5. Nbd2 Bb7 6. h3 {A80: Dutch Defence: Unusual White second moves.} Be7 7. Bd3 {[%cal Og2g4]} Ne4 8. Rg1 {[#] White is slightly better.} d5 $146 ({Predecessor:} 8... O-O 9. g4 d6 10. gxf5 exf5 11. c3 Nd7 12. Qc2 Ndf6 13. Ng5 Nxg5 14. Bxg5 Ne4 15. Nxe4 fxe4 16. Bxe4 Bxe4 17. Qxe4 Bxg5 {½-½ (31) Lindinger,M (2251)-Ritscher,J (2209) Germany 2018}) 9. g4 {Threatens to win with gxf5.} g6 10. Ne5 Bh4 {[#]} 11. Rg2 a6 12. Ndf3 {And now g5 would win.} Nd7 $2 (12... Bf6 $16) 13. Nxd7 Kxd7 14. g5 {Inhibits Bf6.} Bxf2+ 15. Rxf2 Nxf2 16. Kxf2 ({Much less strong is} 16. Ne5+ Ke8 17. Kxf2 c5 $18) 16... h6 $2 (16... Re8 17. Ne5+ Kc8) 17. Ne5+ $18 Ke8 18. Nxg6 Rg8 19. Ne5 {[#] Qh5+ would kill now.} hxg5 20. Qh5+ Ke7 21. Qf7+ Kd6 22. Nc4+ {White mates.} Kc6 23. Qxe6+ Kb5 24. a4+ Kb4 25. c3+ Kb3 26. Ra3# {White took control after the opening.  Weighted Error Value: White=0.06 (flawless) /Black=1.03} 1-0

[Event "DSOL 2022"]
[Site "Germany"]
[Date "2022.02.03"]
[Round "1.4"]
[White "Riedelsheimer, Julia"]
[Black "Einwiller, Dieter"]
[Result "0-1"]
[WhiteElo "1620"]
[BlackElo "2130"]
[Annotator "TA"]
[PlyCount "154"]
[EventDate "2022.01.31"]
[EventType "team-tourn"]
[EventCountry "GER"]
[SourceTitle "playchess.com"]
[Source "ChessBase"]
[SourceQuality "1"]
[WhiteTeam "Bayern München II Amazonen"]
[BlackTeam "SF Pfullingen I"]

{[%evp 9,154,22,36,38,43,29,40,18,42,39,86,78,59,26,33,12,16,0,0,0,6,0,0,0,54,26,16,0,16,-231,-36,-177,-169,-170,65,0,61,8,59,83,81,22,25,26,39,38,46,45,57,64,54,50,82,27,53,51,65,0,0,0,0,-8,-8,-12,0,0,0,-15,-8,-8,-8,-29,-21,-29,-29,-29,-29,-29,-29,-29,-29,-6703,-29,-43,-43,-43,-43,-43,0,-43,-43,-43,-43,-43,-43,-43,-43,-43,-43,-43,-43,-43,-43,-43,-43,-43,-43,-43,0,-50,-50,-56,-56,-57,-43,-43,-43,-43,0,-43,-43,-43,-34,-314,-72,-72,-72,-72,-72,-1584,-1310,-1020,-72,-6131,-430,-29945,-29943,-29944,-12035,-6490,-5720,-4547,-3057,-29967,-29968,-5616,-1495]} 1. d4 d5 2. c4 e6 3. g3 Nf6 4. Bg2 c5 5. cxd5 exd5 6. Nf3 {E01: Catalan: Early deviations.} Nc6 7. Bg5 Be6 8. O-O {White is slightly better.} Be7 9. dxc5 Ne4 (9... O-O $14) 10. Bxe7 $16 Qxe7 {[#]} 11. a3 $146 ({Predecessor:} 11. Nd4 Nxc5 12. Nxc6 bxc6 13. Qd4 O-O 14. Rc1 Na6 15. Rxc6 Nb4 16. Rc1 Bf5 17. Nc3 {½-½ (43) Gomez Jurado,L (2217)-Gallego Bergada,A (2115) Barcelona 2015}) 11... Qxc5 12. Nbd2 O-O 13. Rc1 Qb6 14. b4 a5 15. Nxe4 dxe4 16. Ng5 Bf5 (16... axb4 $11 17. Nxe6 fxe6) 17. Nxe4 ({Much worse is} 17. Bxe4 Bxe4 18. Nxe4 axb4 19. axb4 Qxb4 $11) 17... Rfd8 18. Qc2 {[%cal Oe4f6] Nf6+! is the strong threat.} Nd4 19. Qc5 (19. Qb2 $11) 19... Nxe2+ 20. Kh1 Qg6 21. Rc4 axb4 (21... Be6 $1 $19 22. Rc2 Rdc8 $1 23. Qxc8+ Rxc8 24. Rxe2 axb4 25. axb4 Rd8) 22. Qxb4 (22. Rxb4 $14 Qe6 23. Rb6 $1) 22... Be6 (22... Qa6 $1 $11) 23. Rc7 ({White should play} 23. Rc2 $14 Qh5 24. Rc5) 23... Rd4 (23... h6 $11) 24. Qxb7 $14 Rad8 25. Nc3 {Prevents Bd5.} (25. Qb6 $1 $16) 25... Nxc3 26. Rxc3 Bc4 27. Re1 h6 28. Qe7 {[%cal Oc3c4] And now Rxc4! would win.} (28. Kg1 {with more complications.} Be6 29. h4 Qf6 30. Rf3 Qg6 31. Qb6) 28... R4d7 29. Qe4 Qxe4 30. Bxe4 Rd4 {[%cal Od4e4]} 31. Rce3 (31. Bc2 $16) 31... g6 32. Kg1 Rd2 33. Bc6 (33. Ra1 $1 $14) 33... R8d6 $11 34. Re8+ Kg7 35. Bg2 Rf6 36. f4 Ra6 37. R8e3 Rb6 38. Bf1 Bxf1 39. Kxf1 Rxh2 {[%mdl 4096] Endgame KRR-KRR} 40. R1e2 (40. R3e2 $5 {[%cal Re2h2]} Rh5 41. Re3 $15) 40... Rb1+ 41. Re1 Rbb2 {[%cal Rh2h1]} 42. R1e2 Rhxe2 43. Rxe2 {KR-KR} Rb3 {[%csl LRa3,LRg3]} 44. Kf2 Rxa3 45. Re3 $2 {[%mdl 8192] [#]} (45. g4 $11) 45... Ra1 $2 (45... Rxe3 $1 $19 46. Kxe3 Kf6) 46. Re2 h5 47. Kg2 Ra3 48. Kh3 Ra1 49. Kg2 $1 Kf6 50. Re5 Ra6 51. Kf3 Re6 52. Rd5 Re1 53. Kf2 Ra1 54. Re5 Kg7 55. Re7 Ra4 56. Kf3 Ra3+ 57. Kf2 Kf6 58. Re5 Ra1 (58... Ra2+ $15 59. Kf3 Ra3+ 60. Kg2 Rd3) 59. Kf3 (59. Kg2 $1 $11) 59... Ra6 60. Kf2 Kg7 61. Kf3 f6 62. Rc5 Ra3+ 63. Kf2 Ra6 (63... Ra2+ $15 {deserves consideration.} 64. Kf3 Ra7) 64. Rb5 (64. Kf3 $1 $11) 64... Kh6 $15 65. Kf3 g5 66. Rb4 $2 {[%mdl 8192] [#]} (66. fxg5+ $15 fxg5 67. Rb2) 66... Ra3+ $2 (66... g4+ $1 $19 67. Kg2 Ra2+ 68. Kg1 Ra5) 67. Kf2 g4 {Strongly threatening ...Rf3+.} 68. Rb6 Kg6 69. Rb8 $2 {[%mdl 8192]} (69. Rb5 $17) 69... Ra2+ $19 70. Kg1 Rd2 $2 (70... h4 $19 {is more deadly.} 71. gxh4 Kf5) 71. Re8 $2 {[%mdl 8192]} (71. Rb5 $17) 71... Kf5 (71... h4 $142 72. gxh4 Kf5) 72. Re7 (72. Rb8 $19 Ke4 73. Rb4+ Ke3 74. f5) 72... h4 73. gxh4 Kxf4 (73... g3 $142 74. h5 Kg4 75. Ra7 Kxh5 76. f5 Kg4 77. Kf1 Kxf5 78. Rf7 Kg5 79. Rg7+ Kf4 80. Rg6 f5 81. Rg7 Kf3 82. Ke1 Ra2 83. Rg6 g2 84. Rg7 f4 85. Rg8 Ke4 86. Kd1 Ke3 87. Rg7 Kf2 88. Kc1 g1=Q+ 89. Rxg1 Kxg1 90. Kb1 Re2 91. Kc1 f3 92. Kd1 Kh1 93. Kc1 f2 94. Kd1 f1=Q#) 74. h5 Kg5 75. Rf7 Rd6 {( -> ...f5)} 76. Rh7 f5 77. Rf7 Rh6 {Weighted Error Value: White=0.36/Black=0.37} (77... f4 $142 78. Kf2 Rd2+ 79. Ke1 Rh2 80. Rg7+ Kf5) 0-1

[Event "DSOL 2022"]
[Site "Germany"]
[Date "2022.02.18"]
[Round "2.1"]
[White "Muschik, Benedikt"]
[Black "Kollars, Dmitrij"]
[Result "0-1"]
[WhiteElo "2330"]
[BlackElo "1956"]
[Annotator "ChessBase"]
[PlyCount "76"]
[EventDate "2022.01.31"]
[EventType "team-tourn"]
[EventCountry "GER"]
[SourceTitle "playchess.com"]
[Source "ChessBase"]
[SourceQuality "1"]
[WhiteTeam "SK Münster"]
[BlackTeam "SF Deizisau I"]
[WhiteTeamCountry "GER"]
[TimeControl "2700+15"]

1. d4 Nf6 2. Bf4 d5 3. e3 c5 4. c3 Nc6 5. Nd2 Bf5 6. Ngf3 e6 7. Qb3 Qc8 8. Nh4 Bg4 9. h3 Bh5 10. g4 Bg6 11. Nxg6 hxg6 12. Be2 c4 13. Qc2 b5 14. e4 dxe4 15. Nxe4 Nd5 16. Nd6+ Bxd6 17. Bxd6 Qd7 18. Bg3 Rc8 19. Bf3 Nce7 20. a3 a5 21. Kf1 f6 22. Kg2 g5 23. Rae1 Kf7 24. Re2 Ng6 25. Bxd5 Qxd5+ 26. Qe4 Qxe4+ 27. Rxe4 f5 28. Re2 f4 29. Bh2 Nh4+ 30. Kf1 b4 31. axb4 axb4 32. f3 Nxf3 33. Kg2 Nh4+ 34. Kf2 Ng6 35. Bg1 bxc3 36. bxc3 Ra8 37. Kf3 Ra1 38. Kf2 Rb8 0-1

[Event "DSOL 2022"]
[Site "Germany"]
[Date "2022.02.18"]
[Round "2.1"]
[White "Schoene, Maria"]
[Black "Balov, Darko"]
[Result "0-1"]
[WhiteElo "2210"]
[BlackElo "2063"]
[Annotator "ChessBase"]
[PlyCount "50"]
[EventDate "2022.01.31"]
[EventType "team-tourn"]
[EventCountry "GER"]
[SourceTitle "playchess.com"]
[Source "ChessBase"]
[SourceQuality "1"]
[WhiteTeam "Germany"]
[BlackTeam "SK Zehlendorf II"]
[WhiteTeamCountry "GER"]
[BlackTeamCountry "MKD"]
[TimeControl "2700+15"]

1. e4 c6 2. d4 d5 3. exd5 cxd5 4. c4 Nf6 5. Nc3 e6 6. Nf3 Be7 7. Bg5 Nc6 8. c5 O-O 9. Bb5 Ne4 10. Bxe7 Nxe7 11. Rc1 Qa5 12. Qe2 Nxc3 13. Rxc3 Qxa2 14. O-O Qa5 15. Bd3 h6 16. Bb1 f5 17. Ne5 Nc6 18. Rd1 Nxe5 19. dxe5 Qb4 20. h3 Bd7 21. g4 fxg4 22. Rg3 Rf4 23. Qd3 Re4 24. hxg4 Bb5 25. Qf3 Be2 0-1

[Event "DSOL 2022"]
[Site "Germany"]
[Date "2022.02.18"]
[Round "2.1"]
[White "Edling, Joern"]
[Black "Schaefer, Konstantin"]
[Result "0-1"]
[WhiteElo "2046"]
[BlackElo "1834"]
[Annotator "ChessBase"]
[PlyCount "72"]
[EventDate "2022.01.31"]
[EventType "team-tourn"]
[EventCountry "GER"]
[SourceTitle "playchess.com"]
[Source "ChessBase"]
[SourceQuality "1"]
[WhiteTeam "SK Rinteln I"]
[BlackTeam "SG Leipzig"]
[WhiteTeamCountry "GER"]
[BlackTeamCountry "GER"]
[TimeControl "2700+15"]

1. e4 c5 2. Nc3 Nc6 3. Bb5 Nd4 4. Nf3 Nxb5 5. Nxb5 g6 6. O-O Bg7 7. e5 Nh6 8. d4 b6 9. Re1 Bb7 10. Bg5 O-O 11. dxc5 bxc5 12. Nd6 Bxf3 13. Qxf3 f6 14. Qb3+ Nf7 15. exf6 Bxf6 16. Bxf6 exf6 17. Qd5 Rb8 18. b3 Rb6 19. Nc4 Rc6 20. Rad1 Re6 21. Qxc5 Rfe8 22. Rxe6 Rxe6 23. Qxa7 Ne5 24. Nxe5 Rxe5 25. Qd4 Qa5 26. b4 Qxa2 27. Qxd7 Qxc2 28. Qd8+ Kg7 29. Rd7+ Kh6 30. Qf8+ Kg5 31. h4+ Kf5 32. Rd6 Qc1+ 33. Kh2 Qf4+ 34. Kh3 Qg4+ 35. Kh2 Qxh4+ 36. Kg1 Re1# 0-1

[Event "DSOL 2022"]
[Site "Germany"]
[Date "2022.02.18"]
[Round "2.1"]
[White "Simukov, Erik"]
[Black "Borchert, Chris"]
[Result "0-1"]
[WhiteElo "2000"]
[BlackElo "2143"]
[Annotator "ChessBase"]
[PlyCount "52"]
[EventDate "2022.01.31"]
[EventType "team-tourn"]
[EventCountry "GER"]
[SourceTitle "playchess.com"]
[Source "ChessBase"]
[SourceQuality "1"]
[WhiteTeam "SVG CAISSA Kassel I"]
[BlackTeam "ASV Grün-Weiß Wismar"]
[WhiteTeamCountry "GER"]
[BlackTeamCountry "GER"]
[TimeControl "2700+15"]

1. e4 d5 2. exd5 Qxd5 3. Nf3 Bg4 4. Be2 Nc6 5. d4 O-O-O 6. Be3 e5 7. Nc3 Qa5 8. Nxe5 Bxe2 9. Qxe2 Nxe5 10. dxe5 Qxe5 11. O-O Nf6 12. Qc4 Bd6 13. g3 Qh5 14. f3 a6 15. Rae1 Rhe8 16. b4 Kb8 17. Kg2 Qf5 18. Rf2 Be5 19. Ne4 Qc8 20. Ng5 Bd4 21. Rfe2 Bxe3 22. Rxe3 Rd2+ 23. Kg1 Rxe3 24. Rxe3 Rd1+ 25. Kg2 Rd2+ 26. Re2 b5 0-1

[Event "DSOL 2022"]
[Site "Germany"]
[Date "2022.02.18"]
[Round "2.1"]
[White "Philipp, Nils"]
[Black "Schaefer, Toni"]
[Result "0-1"]
[WhiteElo "1885"]
[BlackElo "1324"]
[Annotator "NA"]
[PlyCount "54"]
[EventDate "2022.01.31"]
[EventType "team-tourn"]
[EventCountry "GER"]
[SourceTitle "playchess.com"]
[Source "ChessBase"]
[SourceQuality "1"]
[WhiteTeam "Frankfurter TV"]
[BlackTeam "SK Dessau II"]
[WhiteTeamCountry "GER"]
[BlackTeamCountry "GER"]
[TimeControl "2700+15"]

1. e4 g6 2. Nc3 Bg7 3. Bc4 e6 4. d3 d6 5. f4 Nd7 6. Nf3 Ne7 7. O-O O-O 8. Bb3 c5 9. Qe1 a6 10. a4 b6 11. Qh4 Nc6 12. Qg3 Nd4 13. Nxd4 cxd4 14. Ne2 Nc5 15. f5 Nxb3 16. cxb3 exf5 17. exf5 Bxf5 18. Bg5 Qd7 19. h4 h6 20. Bf4 Rfe8 21. Rae1 Rac8 22. Bxd6 Re3 23. Qf4 Rce8 24. g4 Bxd3 25. Rc1 R8e4 26. Qxf7+ Qxf7 27. Rc8+ Qe8 0-1

[Event "DSOL 2022"]
[Site "Germany"]
[Date "2022.02.18"]
[Round "2.1"]
[White "Parsch, Christian"]
[Black "Spiel, Marianne"]
[Result "1/2-1/2"]
[WhiteElo "1880"]
[BlackElo "1919"]
[Annotator "ChessBase"]
[PlyCount "101"]
[EventDate "2022.01.31"]
[EventType "team-tourn"]
[EventCountry "GER"]
[SourceTitle "playchess.com"]
[Source "ChessBase"]
[SourceQuality "1"]
[WhiteTeam "SC Roter Turm Altstadt"]
[BlackTeam "Bayern Mnchen II Amazonen"]
[WhiteTeamCountry "GER"]
[BlackTeamCountry "GER"]
[TimeControl "2700+15"]

1. Nf3 d5 2. d4 Nf6 3. c4 e6 4. g3 c6 5. Qc2 Nbd7 6. Bg2 Bd6 7. O-O O-O 8. Nbd2 Re8 9. e4 dxe4 10. Nxe4 Nxe4 11. Qxe4 e5 12. Qc2 exd4 13. Nxd4 Nf6 14. Nf5 Bf8 15. Bf4 Bxf5 16. Qxf5 g6 17. Qc2 Bg7 18. Rad1 Qa5 19. a3 Re6 20. Bd2 Qh5 21. Rfe1 Rae8 22. Rxe6 Rxe6 23. h3 Qc5 24. Be3 Qa5 25. Qd3 a6 26. Qd8+ Qxd8 27. Rxd8+ Re8 28. Rxe8+ Nxe8 29. b3 f5 30. Kf1 Kf7 31. Ke2 Ke6 32. Kd3 Nc7 33. Bb6 Kd6 34. Bf3 Ne6 35. Be3 Bb2 36. a4 Be5 37. Bc1 Nc5+ 38. Kc2 Bd4 39. Be3 Bxe3 40. fxe3 Ke5 41. g4 Ne4 42. gxf5 gxf5 43. b4 b6 44. a5 bxa5 45. bxa5 h6 46. h4 c5 47. Kd3 Nf2+ 48. Ke2 Ne4 49. Kd3 Nf2+ 50. Ke2 Ne4 51. Kd3 1/2-1/2

[Event "DSOL 2022"]
[Site "Germany"]
[Date "2022.02.18"]
[Round "2.1"]
[White "Thalheim, Jona"]
[Black "Beyer, Matthias"]
[Result "1/2-1/2"]
[WhiteElo "1496"]
[BlackElo "1671"]
[Annotator "NA"]
[PlyCount "90"]
[EventDate "2022.01.31"]
[EventType "team-tourn"]
[EventCountry "GER"]
[SourceTitle "playchess.com"]
[Source "ChessBase"]
[SourceQuality "1"]
[WhiteTeam "SC Großröhrsdorf"]
[BlackTeam "SV TuR Dresden"]
[WhiteTeamCountry "GER"]
[TimeControl "2700+15"]

1. e4 g5 2. d4 Bg7 3. Bxg5 c5 4. Be3 Qb6 5. c3 Qxb2 6. Nd2 cxd4 7. Nc4 Qxa1 8. Qxa1 dxe3 9. Nxe3 Nc6 10. Bb5 Nf6 11. Bxc6 dxc6 12. f3 Be6 13. Ne2 Nd7 14. Qb1 Nc5 15. O-O O-O-O 16. Rd1 Rxd1+ 17. Qxd1 Rd8 18. Qc2 Bh6 19. Ng4 Rd2 20. Qb1 Bxg4 21. fxg4 Rxe2 22. g5 Bxg5 23. Qd1 Be3+ 24. Kh1 Rd2 25. Qg4+ Kc7 26. Qg3+ Kb6 27. Qf3 Bg5 28. g3 Bf6 29. e5 Bxe5 30. Qxf7 Bf6 31. Qxh7 Rd1+ 32. Kg2 Nd3 33. Qh6 Ne5 34. Qe3+ Kc7 35. h4 Rd3 36. Qxa7 Ng4 37. Qa5+ Kb8 38. Kh3 Nf2+ 39. Kg2 Ne4 40. g4 Rg3+ 41. Kf1 Rxg4 42. Qd8+ Ka7 43. Qa5+ Kb8 44. Qd8+ Ka7 45. Qa5+ Kb8 1/2-1/2

[Event "DSOL 2022"]
[Site "Germany"]
[Date "2022.02.18"]
[Round "2.2"]
[White "Heinig, Wolfram"]
[Black "Paul, Johannes"]
[Result "0-1"]
[WhiteElo "2248"]
[BlackElo "2294"]
[Annotator "ChessBase"]
[PlyCount "97"]
[EventDate "2022.01.31"]
[EventType "team-tourn"]
[EventCountry "GER"]
[SourceTitle "playchess.com"]
[Source "ChessBase"]
[SourceQuality "1"]
[WhiteTeam "SK Zehlendorf II"]
[BlackTeam "SG AE Magdeburg"]
[WhiteTeamCountry "GER"]
[BlackTeamCountry "GER"]
[TimeControl "2700+15"]

1. d4 Nf6 2. c4 g6 3. Nc3 Bg7 4. e4 d6 5. Be2 O-O 6. Bg5 c5 7. d5 a6 8. a4 e5 9. Qd2 Nbd7 10. h4 Qe8 11. g4 Kh8 12. h5 Ng8 13. f3 Bf6 14. Be3 Qd8 15. g5 Be7 16. hxg6 fxg6 17. Nh3 Rf7 18. Kf1 Nf8 19. Kg2 h5 20. gxh6 Nh7 21. a5 Ngf6 22. Na4 Bxh3+ 23. Rxh3 Nh5 24. Nb6 Rb8 25. Rah1 Bg5 26. Kf1 Bxe3 27. Qxe3 Qf6 28. Rg1 Rbf8 29. Ke1 Nf4 30. Rhg3 Qh4 31. Kd2 Qh2 32. b3 Nf6 33. Kd1 N6h5 34. Rg4 Nh3 35. R1g2 Qh1+ 36. Kc2 N5f4 37. R2g3 Nxe2 38. Qxe2 Rxf3 39. Rxf3 Rxf3 40. Rg2 Rf6 41. Rh2 Qg1 42. Rg2 Qa1 43. Qd2 Rf1 44. Na4 Nf4 45. Rf2 Qa2+ 46. Nb2 Qb1+ 47. Kc3 Rc1+ 48. Qc2 Rxc2+ 49. Rxc2 0-1

[Event "DSOL 2022"]
[Site "Germany"]
[Date "2022.02.18"]
[Round "2.2"]
[White "Littke, Helmut"]
[Black "Schnegelsberg, Karl-Heinz"]
[Result "1-0"]
[WhiteElo "2054"]
[BlackElo "1961"]
[Annotator "ChessBase"]
[PlyCount "49"]
[EventDate "2022.01.31"]
[EventType "team-tourn"]
[EventCountry "GER"]
[SourceTitle "playchess.com"]
[Source "ChessBase"]
[SourceQuality "1"]
[WhiteTeam "ASV Grün-Weiß Wismar"]
[BlackTeam "SVG CAISSA Kassel I"]
[WhiteTeamCountry "GER"]
[BlackTeamCountry "GER"]
[TimeControl "2700+15"]

1. Nf3 d5 2. c4 Nf6 3. cxd5 Nxd5 4. e4 Nb6 5. d4 g6 6. a4 a5 7. Be2 Bg7 8. O-O O-O 9. Nc3 Nc6 10. Nb5 Bg4 11. Bf4 Bxf3 12. Bxf3 Rc8 13. Rc1 e6 14. Bxc7 Rxc7 15. Nxc7 Qxc7 16. d5 Rd8 17. Qb3 exd5 18. exd5 Nd4 19. Rxc7 Nxb3 20. Rxb7 Rd6 21. Rb8+ Bf8 22. Re1 Nd4 23. Ree8 Nd7 24. Rbd8 Nxf3+ 25. gxf3 1-0

[Event "DSOL 2022"]
[Site "Germany"]
[Date "2022.02.18"]
[Round "2.2"]
[White "Schaefer, Sven"]
[Black "Foerster-Yialamas, Lucas"]
[Result "0-1"]
[WhiteElo "1987"]
[BlackElo "2048"]
[Annotator "ChessBase"]
[PlyCount "112"]
[EventDate "2022.01.31"]
[EventType "team-tourn"]
[EventCountry "GER"]
[SourceTitle "playchess.com"]
[Source "ChessBase"]
[SourceQuality "1"]
[WhiteTeam "Germany"]
[BlackTeam "Frankfurter TV"]
[WhiteTeamCountry "GER"]
[BlackTeamCountry "GER"]
[TimeControl "2700+15"]

1. e4 e5 2. Nf3 Nf6 3. Nc3 Bb4 4. Nxe5 O-O 5. Nd3 Bxc3 6. dxc3 Nxe4 7. Be2 d6 8. O-O Nc6 9. f3 Ng5 10. Be3 Bf5 11. Qd2 f6 12. Nf4 Ne5 13. Nd5 c6 14. Nf4 b5 15. b3 d5 16. a4 a6 17. Ra2 Re8 18. Rfa1 Rb8 19. axb5 axb5 20. Ra7 Ngf7 21. Bd4 Nd6 22. Nh5 Rb7 23. Ng3 Rxa7 24. Rxa7 Bg6 25. f4 Nd7 26. Bg4 Re7 27. Rxd7 Rxd7 28. Be6+ Kh8 29. Bxd7 Qxd7 30. Bc5 Nb7 31. Bf2 h6 32. c4 bxc4 33. bxc4 Bf7 34. cxd5 cxd5 35. c4 Nd6 36. cxd5 Qb5 37. h3 Bxd5 38. Kh2 Qc4 39. Qd4 Qc6 40. Qc5 Bxg2 41. Qxc6 Bxc6 42. Bb6 g6 43. Bd4 Kg7 44. h4 Kf7 45. h5 g5 46. fxg5 fxg5 47. Be5 Ne8 48. Bb2 Ng7 49. Bxg7 Kxg7 50. Nf5+ Kh7 51. Kg1 Be8 52. Ng3 Kg7 53. Nf5+ Kf6 54. Nxh6 Bd7 55. Ng8+ Kf7 56. Nh6+ Kg7 0-1